000
002310000a22000970004500
100
1
_a
Anderson, Ray S.
245
1
0
_a
Wise as serpents and innocent as doves
300
_a
Núm 9 (1985), Páginas 35
773
0
_t
Together
942
_c
ANA
999
_c
56959
_d
56959